000 00289nam a2200109Ia 4500
008 200302s9999 xx 000 0 und d
100 _aJohn Raynes & Other
245 _aHow to Draw the Human Figure A Complete Guide
260 _bParragon Book Published
260 _c2000
300 _a160 P.,
999 _c1557
_d1557